Beatles Songs Sung by Ringo (Sudden Death) - Statistics

General Stats
  • This quiz has been taken 421 times
  • The average score is 8 of 11
Answers on the Grid
Answers color-coded by a green-red scale on the quiz's grid according to % correct below.
Act Naturally
All My Loving
Boys
Can't Buy Me Love
Don't Pass Me By
Eleanor Rigby
Good Night
Honey Don't
I Am the Walrus
I Wanna Be Your Man
I Want To Hold Your Hand
Let It Be
Love Me Do
Matchbox
Maxwell's Silver Hammer
Octopus's Garden
Rocky Raccoon
What Goes On
When I'm Sixty-Four
With a Little Help From My Friends
Yellow Submarine
 
Answer Stats
Answer % Correct
Octopus's Garden
92%
Yellow Submarine
88%
With a Little Help From My Friends
86%
Act Naturally
81%
Boys
74%
Don't Pass Me By
74%
Honey Don't
71%
Matchbox
70%
What Goes On
70%
Good Night
68%
I Wanna Be Your Man
65%
No matching quizzes found
Score Distribution
Percent of People with Each Score
Percentile by Number Answered
Your Score History
You have not taken this quiz